000 00255nam a2200109Ia 4500
008 190216s9999||||xx |||||||||||||| ||und||
100 _aNull
245 4 _aThe Power Of Produce Thinking
260 _bUniversal Publishing
650 _aEnglish
942 _cBK
999 _c12735
_d12735